[Event "European Blitz 2017"]
[Site "Katowice POL"]
[Date "2017.12.15"]
[Round "7.53"]
[White "Schneider, Ilja"]
[Black "Narva, Mai"]
[Result "1-0"]
[WhiteTitle "IM"]
[BlackTitle "WIM"]
[WhiteElo "2517"]
[BlackElo "2211"]
[WhiteFideId "4663306"]
[BlackFideId "4500512"]
[EventDate "2017.12.15"]
[EventType "blitz"]

1. d4 Nf6 2. Bg5 d5 3. e3 e6 4. c4 Be7 5. Nc3 O-O 6. Nf3 b6 7. Rc1 Bb7 8. Be2
Nbd7 9. O-O c5 10. dxc5 bxc5 11. Qb3 Bc6 12. Rfd1 Rb8 13. Qc2 Nb6 14. b3 Qc7 15.
Bd3 h6 16. Bf4 Bd6 17. Bxd6 Qxd6 18. e4 Qe7 19. cxd5 exd5 20. exd5 Nbxd5 21.
Nxd5 Bxd5 22. Qxc5 Qb7 23. Ne1 Rfe8 24. Bf1 Rbc8 25. Qb5 Qe7 26. Nc2 Bc6 27. Qb4
Qe5 28. Ne3 Ne4 29. Qd4 Qg5 30. Nd5 Bxd5 31. Rxc8 Rxc8 32. Qxd5 Qf4 33. Qd4 Qf5
34. f3 Nf6 35. Qd3 Qc5+ 36. Qd4 Qa5 37. Qd2 Qb6+ 38. Kh1 Re8 39. Bc4 Qc5 40. a4
Qf5 41. Re1 Rc8 42. Qd3 Qc5 43. Qe3 Qb4 44. Rd1 Re8 45. Qxa7 Qc3 46. Bxf7+ 1-0

[Event "European Blitz 2017"]
[Site "Katowice POL"]
[Date "2017.12.15"]
[Round "7.55"]
[White "Krejci, Jan2"]
[Black "Jaroch, Karol"]
[Result "1-0"]
[WhiteTitle "GM"]
[WhiteElo "2570"]
[BlackElo "2252"]
[WhiteFideId "322156"]
[BlackFideId "1130609"]
[EventDate "2017.12.15"]
[EventType "blitz"]

1. d4 e6 2. c4 Nf6 3. Nc3 b6 4. e4 d6 5. Bd3 Nbd7 6. f4 e5 7. Nf3 exd4 8. Nxd4
Bb7 9. O-O Nc5 10. Bc2 Be7 11. Nd5 Nxd5 12. exd5 O-O 13. b4 Bf6 14. bxc5 dxc5
15. Nb3 Bxa1 16. Nxa1 b5 17. cxb5 Bxd5 18. Nb3 Rb8 19. a4 c6 20. Nxc5 cxb5 21.
axb5 Rxb5 22. Qd3 Qh4 23. Qxb5 Re8 24. Qxe8# 1-0

[Event "European Blitz 2017"]
[Site "Katowice POL"]
[Date "2017.12.15"]
[Round "7.56"]
[White "Dudas, Jan"]
[Black "Zorko, Jure"]
[Result "0-1"]
[WhiteTitle "FM"]
[BlackTitle "IM"]
[WhiteElo "2216"]
[BlackElo "2457"]
[WhiteFideId "14900580"]
[BlackFideId "14604051"]
[EventDate "2017.12.15"]
[EventType "blitz"]

1. c4 Nf6 2. g3 c6 3. Bg2 d5 4. Nf3 Bg4 5. cxd5 Bxf3 6. Bxf3 cxd5 7. O-O Nc6 8.
b3 e6 9. Bb2 Be7 10. d3 O-O 11. a3 Nd7 12. Nd2 Bf6 13. Bxf6 Qxf6 14. b4 Nd4 15.
Bg2 Nb5 16. Nb3 Qb2 17. Nd2 Nc3 18. Qe1 Rac8 19. e4 Rfe8 20. Nf3 h6 21. e5 Qe2
22. Qxe2 Nxe2+ 23. Kh1 Rc2 24. Rfe1 Rec8 25. h3 Rb2 26. Rab1 Rxb1 27. Rxb1 Rc2
28. a4 Nc3 29. Ra1 a6 30. Kg1 Nb6 31. a5 Nba4 32. Nd4 Rb2 33. b5 axb5 34. f4 b4
35. g4 Nc5 36. Bf1 Ra2 37. Re1 Rxa5 38. f5 Ra2 39. fxe6 fxe6 40. h4 b3 41. Nxb3
Nxb3 42. g5 hxg5 0-1

[Event "European Blitz 2017"]
[Site "Katowice POL"]
[Date "2017.12.15"]
[Round "7.57"]
[White "Gdanski, Jacek"]
[Black "Wachinger, Nikolas"]
[Result "1-0"]
[WhiteTitle "GM"]
[WhiteElo "2458"]
[BlackElo "2243"]
[WhiteFideId "1100106"]
[BlackFideId "12962791"]
[EventDate "2017.12.15"]
[EventType "swiss"]

1. e4 c5 2. Nc3 a6 3. g3 b5 4. Bg2 Bb7 5. Nge2 e6 6. O-O d5 7. exd5 exd5 8. d4
Nf6 9. Bg5 b4 10. Bxf6 gxf6 11. Na4 c4 12. Nf4 Be7 13. Re1 O-O 14. Nb6 Qxb6 15.
Rxe7 1-0

[Event "European Blitz 2017"]
[Site "Katowice POL"]
[Date "2017.12.15"]
[Round "7.58"]
[White "Jakubowski, Krzysztof"]
[Black "Darmarakis, Mihail"]
[Result "1-0"]
[WhiteTitle "GM"]
[WhiteElo "2526"]
[BlackElo "2213"]
[WhiteFideId "1112848"]
[BlackFideId "4203720"]
[EventDate "2017.12.15"]
[EventType "blitz"]

1. c4 c5 2. Nf3 Nc6 3. d4 cxd4 4. Nxd4 Nf6 5. Nc3 g6 6. g3 Bg7 7. Bg2 O-O 8. O-O
Qa5 9. Nc2 d6 10. Ne3 Be6 11. Qd2 Rac8 12. b3 Ng4 13. Bb2 Nxe3 14. Qxe3 a6 15.
a3 Qh5 16. Rab1 b5 17. cxb5 axb5 18. Bf3 Qh3 19. Nxb5 Bxb2 20. Rxb2 Ne5 21. Nd4
Bg4 22. Bg2 Qh5 23. Rc1 Bd7 24. Nf3 Ng4 25. Qd2 Rxc1+ 26. Qxc1 e5 27. h3 Nf6 28.
g4 Bxg4 29. hxg4 Nxg4 30. Qg5 1-0

[Event "European Blitz 2017"]
[Site "Katowice POL"]
[Date "2017.12.15"]
[Round "7.59"]
[White "Djuric, Stefan"]
[Black "Walter, Szymon"]
[Result "0-1"]
[WhiteTitle "GM"]
[WhiteElo "2383"]
[BlackElo "2246"]
[WhiteFideId "900133"]
[BlackFideId "1172590"]
[EventDate "2017.12.15"]
[EventType "blitz"]

1. e4 c5 2. Nf3 d6 3. g3 Nc6 4. Bg2 g6 5. O-O Bg7 6. c3 Bg4 7. d3 e6 8. Nbd2
Nge7 9. h3 Bxf3 10. Nxf3 O-O 11. d4 cxd4 12. cxd4 d5 13. e5 Nf5 14. Qd2 Qb6 15.
Rd1 Bh6 16. Qd3 Bxc1 17. Raxc1 Rac8 18. g4 Nfe7 19. Qd2 f6 20. exf6 Rxf6 21. Rc3
Rcf8 22. Re3 Qc7 23. b4 a6 24. a4 b5 25. axb5 axb5 26. Rc1 Qd6 27. Rc5 Rf4 28.
Rxb5 g5 29. Rc5 Ng6 30. b5 Nd8 31. Re2 Rxf3 32. Bxf3 Rxf3 33. Qxg5 Nf7 34. Qh5
Nf4 35. Rc8+ Kg7 36. Rc6 Qa3 37. Qxf7+ Kxf7 38. Rc7+ Kf6 39. g5+ Kg6 40. Re1
Nxh3+ 41. Kh1 Nxf2+ 42. Kg2 Ne4 43. Re2 Rg3+ 44. Kf1 Qf3+ 0-1

[Event "European Blitz 2017"]
[Site "Katowice POL"]
[Date "2017.12.15"]
[Round "7.60"]
[White "Mikrut, Dariusz"]
[Black "Klabis, Rokas"]
[Result "0-1"]
[WhiteTitle "IM"]
[BlackTitle "FM"]
[WhiteElo "2375"]
[BlackElo "2366"]
[WhiteFideId "1112791"]
[BlackFideId "12805246"]
[EventDate "2017.12.15"]
[EventType "blitz"]

1. d4 Nf6 2. c4 e6 3. Nf3 Bb4+ 4. Nbd2 O-O 5. e3 d5 6. a3 Be7 7. cxd5 exd5 8.
Bd3 b6 9. b4 Nbd7 10. Bb2 a5 11. b5 Bb7 12. Qc2 Bd6 13. Ne5 Re8 14. f4 Nf8 15.
O-O Qe7 16. a4 N6d7 17. Rae1 f6 18. Nc6 Bxc6 19. Qxc6 Qf7 20. e4 Bb4 21. Re2
Rad8 22. e5 f5 23. Nf3 h6 24. Bb1 Nb8 25. Qc2 g6 26. h4 c5 27. bxc6 Rc8 28. Ba2
Rxc6 29. Qb3 Rd8 30. Rc1 Rxc1+ 31. Bxc1 Ne6 32. g3 Nc6 33. Bb2 Ne7 34. Rc2 Qe8
35. Ba3 Rc8 36. Rxc8 Qxc8 37. Bxb4 axb4 38. Qxb4 Qc1+ 39. Qe1 Qa3 40. Qf2 Qxa4
41. Qb2 b5 42. Bb3 Qb4 43. Qa2 Nxd4 44. Bxd5+ Kg7 45. Qa7 Nxf3+ 46. Bxf3 Kf8 47.
Kg2 Qd2+ 48. Qf2 Qc3 49. Qb6 b4 50. Qf6+ Ke8 51. h5 Qc2+ 52. Kh3 g5 53. fxg5
hxg5 54. Qxg5 Qc3 55. Qf4 b3 56. Qa4+ Kf8 57. Qa8+ Kf7 58. h6 b2 59. Qb7 Qc1 60.
Bh5+ Kf8 61. Qb8+ Nc8 62. Qb4+ Ne7 63. Qb3 Qh1# 0-1

[Event "European Blitz 2017"]
[Site "Katowice POL"]
[Date "2017.12.15"]
[Round "7.61"]
[White "Bolsakovs, Vadims"]
[Black "Licznerski, Lukasz"]
[Result "0-1"]
[BlackTitle "FM"]
[WhiteElo "2128"]
[BlackElo "2267"]
[WhiteFideId "11601981"]
[BlackFideId "1179250"]
[EventDate "2017.12.15"]
[EventType "blitz"]

1. d4 Nf6 2. Nf3 g6 3. Bf4 Bg7 4. Nc3 d5 5. Qd2 Ne4 6. Nxe4 dxe4 7. Ne5 Nd7 8.
O-O-O Nxe5 9. Bxe5 Bxe5 10. dxe5 Qxd2+ 11. Rxd2 Bf5 12. e3 Rd8 13. Rxd8+ Kxd8
14. Bc4 f6 15. Rd1+ Kc8 16. h3 fxe5 17. Bf1 Be6 18. g4 h5 19. g5 h4 20. Bg2 Rh5
21. Bxe4 Rxg5 22. f4 Rg3 23. fxe5 Bxh3 24. Rh1 Kd7 25. Bxb7 g5 26. Be4 Ke6 27.
Bb7 Kxe5 28. Kd2 Bg2 29. Bxg2 Rxg2+ 30. Kd3 Kf5 31. Rf1+ Kg4 32. Rf7 h3 33. Rxe7
h2 34. Rh7 Kg3 35. e4 Rg1 0-1

[Event "European Blitz 2017"]
[Site "Katowice POL"]
[Date "2017.12.15"]
[Round "7.62"]
[White "Kredl, Karel"]
[Black "Polivanov, Anatoliy"]
[Result "1-0"]
[BlackTitle "IM"]
[WhiteElo "2150"]
[BlackElo "2383"]
[WhiteFideId "315893"]
[BlackFideId "14109468"]
[EventDate "2017.12.15"]
[EventType "blitz"]

1. Nf3 d5 2. d4 Nf6 3. c4 e6 4. g3 Bb4+ 5. Bd2 Be7 6. Bg2 c6 7. Qc2 Nbd7 8. O-O
b6 9. Bf4 Ba6 10. Nbd2 O-O 11. b3 c5 12. e4 cxd4 13. Nxd4 Rc8 14. Rfd1 e5 15.
exd5 exd4 16. d6 Nh5 17. dxe7 Qxe7 18. Re1 Qf6 19. Ne4 Qg6 20. Bd2 Nhf6 21.
Nxf6+ Qxf6 22. Bf4 Nc5 23. Qd2 Ne6 24. Be5 Qd8 25. Bd5 Re8 26. Bxd4 Nxd4 27.
Qxd4 Rxe1+ 28. Rxe1 Bb7 29. Re3 Bxd5 30. cxd5 Qd6 31. Qe5 Qxe5 32. Rxe5 g6 33.
Re7 Rc1+ 34. Kg2 Rd1 35. Rxa7 Rxd5 36. Rb7 b5 37. a4 bxa4 38. bxa4 Rd2 39. a5
Ra2 40. Rb5 h5 41. h4 Kg7 42. Kf3 Kf6 43. Rb6+ Kg7 44. a6 f6 45. Rb7+ Kh6 46. a7
g5 47. Ke4 Kg6 48. Kd5 gxh4 49. gxh4 Kf5 50. Kc6 Kg4 51. Rb4+ Kf3 52. Kb7 Kxf2
53. a8=Q Rxa8 54. Kxa8 Kg3 55. Kb7 f5 56. Kc6 f4 57. Kd5 f3 58. Ke4 f2 59. Rb1
Kg2 60. Kf4 f1=Q+ 61. Rxf1 Kxf1 62. Kg5 Ke2 63. Kxh5 1-0

[Event "European Blitz 2017"]
[Site "Katowice POL"]
[Date "2017.12.15"]
[Round "7.63"]
[White "Saraci, Nderim"]
[Black "Kastelik, Adrian"]
[Result "0-1"]
[WhiteTitle "FM"]
[WhiteElo "2398"]
[BlackElo "2176"]
[WhiteFideId "6351921"]
[BlackFideId "1134701"]
[EventDate "2017.12.15"]
[EventType "blitz"]

1. d4 d5 2. c4 c6 3. Nf3 Nf6 4. Nc3 dxc4 5. a4 Bf5 6. Ne5 e6 7. Nxc4 c5 8. dxc5
Qxd1+ 9. Nxd1 Bxc5 10. Be3 Bb4+ 11. Bd2 Bxd2+ 12. Nxd2 Nc6 13. Rc1 Nb4 14. Ne3
Bg6 15. g3 O-O 16. Bg2 Rac8 17. O-O Nfd5 18. Ndc4 b6 19. Nxd5 exd5 20. Ne5 Bc2
21. Ra1 Rfe8 22. Bh3 Rc7 23. Nf3 Rxe2 24. Nd4 Rd2 25. Rfe1 g6 26. Nb5 Rc6 27.
Nxa7 Rf6 28. Rf1 Bd3 29. Rfd1 Rfxf2 30. Rxd2 Rxd2 31. Nc8 Nc2 32. Rc1 Nd4 0-1

[Event "European Blitz 2017"]
[Site "Katowice POL"]
[Date "2017.12.15"]
[Round "7.64"]
[White "Reichmann, Hendrik"]
[Black "Mucha, Piotr"]
[Result "1-0"]
[WhiteTitle "FM"]
[WhiteElo "2337"]
[BlackElo "2165"]
[WhiteFideId "4647823"]
[BlackFideId "1164163"]
[EventDate "2017.12.15"]
[EventType "blitz"]

1. d4 d5 2. Bf4 Nf6 3. e3 c5 4. c3 Nc6 5. Nd2 g6 6. dxc5 Bg7 7. Ngf3 O-O 8. h3
Bf5 9. Be2 Rc8 10. O-O h6 11. Nd4 Bd7 12. Bh2 Ne8 13. Bf3 e5 14. Nb5 a6 15. Nd6
Nxd6 16. cxd6 Be6 17. c4 dxc4 18. Ne4 b6 19. Nc3 f5 20. Bd5 Qxd6 21. Bxc4 Qe7
22. Nd5 Bxd5 23. Qxd5+ Kh7 24. Bxa6 Nb4 25. Qb5 Nxa6 26. Qxa6 Rc2 27. Qb5 Rfc8
28. Qxb6 e4 29. Rab1 Rd8 30. Rfd1 Rxb2 31. Qa6 Rxb1 32. Rxb1 Rd2 33. Bg3 g5 34.
h4 Qf6 35. Qxf6 Bxf6 36. hxg5 hxg5 37. Rb7+ Kg6 38. Be5 Kh5 39. Rf7 Kg4 40. Kh2
Kh5 41. Kg3 1-0

[Event "European Blitz 2017"]
[Site "Katowice POL"]
[Date "2017.12.15"]
[Round "7.65"]
[White "Boe, Mads"]
[Black "Herman, Jean"]
[Result "1/2-1/2"]
[WhiteTitle "FM"]
[WhiteElo "2292"]
[BlackElo "2255"]
[WhiteFideId "1401408"]
[BlackFideId "263036"]
[EventDate "2017.12.15"]
[EventType "blitz"]

1. d4 d5 2. Nf3 Nf6 3. Bg5 Ne4 4. Bf4 c5 5. c3 Nc6 6. e3 Qb6 7. Qb3 c4 8. Qc2
Bf5 9. Qc1 e6 10. Be2 Be7 11. h3 O-O 12. O-O a5 13. Bd1 a4 14. a3 Qb5 15. Nbd2
Na5 16. Bc2 Nxd2 17. Nxd2 Bxc2 18. Qxc2 Nb3 19. Rae1 Rfe8 20. e4 Nxd2 21. Qxd2
Bf8 22. Re2 Ra6 23. Rfe1 Rd8 24. e5 Rb6 25. Qe3 Qd7 26. Qg3 Rb3 27. Bc1 Kh8 28.
Rf1 Re8 29. f4 g6 30. Qf3 Rb6 31. g4 Kg7 32. Qg3 Kh8 33. Rg2 Bh6 34. Qh4 Bg7 35.
f5 exf5 36. gxf5 gxf5 37. Qh5 Rg6 38. Qxf5 Qxf5 39. Rxf5 Rxg2+ 40. Kxg2 Kg8 41.
Rf3 Re6 42. Kf1 Rg6 43. Bd2 Kf8 44. Be1 Rb6 45. Rf2 Ke7 46. Rg2 Rg6 47. Bd2 Rxg2
48. Kxg2 Ke6 49. Kf3 Kf5 50. Be3 Bf8 51. Bd2 Be7 52. Be3 Bh4 53. Bd2 Be7 54. Be3
Bd8 55. Bd2 Bh4 56. Be3 Be1 57. Bc1 Kg6 58. Kg4 h5+ 59. Kf3 Kf5 60. Be3 Bh4 61.
Bd2 f6 62. exf6 Bg5 63. Bxg5 Kxg5 64. Kg3 Kf5 65. Kf3 Kg5 66. Kg3 h4+ 67. Kf3
Kf5 68. Ke3 Kg5 69. Kf3 Kf5 1/2-1/2

[Event "European Blitz 2017"]
[Site "Katowice POL"]
[Date "2017.12.15"]
[Round "7.66"]
[White "Stauskas, Lukas"]
[Black "Kaleta, Blazej"]
[Result "0-1"]
[WhiteElo "2349"]
[BlackElo "2110"]
[WhiteFideId "12808148"]
[BlackFideId "1170252"]
[EventDate "2017.12.15"]
[EventType "blitz"]

1. d4 d5 2. Nf3 c6 3. c4 Nf6 4. Nc3 e6 5. e3 Nbd7 6. Qc2 Bd6 7. b3 Qe7 8. Bb2
O-O 9. Be2 b6 10. O-O Bb7 11. Rad1 Rac8 12. Rfe1 c5 13. dxc5 Nxc5 14. cxd5 Nxd5
15. Nxd5 Bxd5 16. Qc3 f6 17. Qd4 Rfd8 18. Qh4 a5 19. Nd4 Be5 20. f4 Bxd4 21.
Bxd4 Be4 22. Bc4 Bd5 23. Bxd5 Rxd5 24. e4 Rd7 25. Qf2 Qd8 26. Qe2 Rxd4 0-1

[Event "European Blitz 2017"]
[Site "Katowice POL"]
[Date "2017.12.15"]
[Round "7.67"]
[White "Heinzel, Olaf"]
[Black "Kumala, Aleksander"]
[Result "1/2-1/2"]
[WhiteTitle "IM"]
[WhiteElo "2360"]
[BlackElo "2220"]
[WhiteFideId "4626664"]
[BlackFideId "1141880"]
[EventDate "2017.12.15"]
[EventType "blitz"]

1. d4 Nf6 2. Bf4 g6 3. e3 Bg7 4. Be2 O-O 5. h4 d6 6. h5 Nbd7 7. hxg6 fxg6 8. Nf3
Ne4 9. Nbd2 Nxd2 10. Qxd2 e5 11. dxe5 Nxe5 12. Ng5 h6 13. Qd5+ Kh8 14. Bxe5 Qxg5
15. Bxg7+ Kxg7 16. Qxg5 hxg5 17. f3 Be6 18. Bd3 Rae8 19. Kf2 g4 20. f4 Bd5 21.
Rae1 a6 22. Kg3 Rh8 23. Rxh8 Rxh8 24. e4 Be6 25. f5 Bd7 26. Kxg4 Kf6 27. Kf4 Rh2
28. g4 Rh4 29. Kg3 g5 30. Bc4 Ke5 31. Bd5 c6 32. Bb3 Rh8 33. c3 Rh7 34. Bc2 Rh8
35. Rf1 Rh6 36. a3 Kf6 37. Rd1 Ke5 38. c4 b6 39. b4 Rh7 40. Rb1 Rh6 41. a4 Rh8
42. a5 bxa5 43. bxa5 d5 44. exd5 cxd5 45. cxd5 Rc8 46. Bd1 Kxd5 47. Bf3+ Ke5 48.
Rb6 Bb5 49. Rg6 Rc3 50. Re6+ Kd4 51. Kf2 Rc2+ 52. Be2 Kd5 53. Re3 Kd6 54. Kf3
Bc6+ 55. Kg3 Rc1 56. Bxa6 Rg1+ 57. Kf2 Rxg4 58. Bd3 Rf4+ 59. Ke2 g4 60. a6 Ra4
61. Re6+ Kd7 62. Rg6 Bf3+ 63. Ke3 Ke7 64. Rb6 Kf7 65. Rd6 Ke7 66. Rd4 Ra5 67.
Rb4 Re5+ 68. Kf4 Ra5 69. Rc4 Kf6 70. Rc7 Ra4+ 71. Ke3 Ra3 72. a7 Ra4 73. Bb5
Ra3+ 74. Kf4 Ra5 75. Bd3 Ra4+ 76. Kg3 Ra5 77. Bf1 Ra3 78. Bg2 Kxf5 79. Bxf3
Rxf3+ 80. Kg2 Ra3 81. Rf7+ Kg6 82. Rb7 1/2-1/2

[Event "European Blitz 2017"]
[Site "Katowice POL"]
[Date "2017.12.15"]
[Round "7.68"]
[White "Putka, Verners"]
[Black "Snihur, Piotr"]
[Result "1-0"]
[WhiteElo "2307"]
[BlackElo "2233"]
[WhiteFideId "11600659"]
[BlackFideId "1157191"]
[EventDate "2017.12.15"]
[EventType "blitz"]

1. d4 Nf6 2. Nf3 c5 3. d5 d6 4. Nc3 g6 5. g3 Bg7 6. Bg2 O-O 7. O-O b6 8. Nd2 Ba6
9. a4 Nbd7 10. Re1 Re8 11. Nb5 Bb7 12. Nc4 a6 13. Nc3 Rb8 14. e4 Ba8 15. Na3 Qc7
16. h3 Nf8 17. Bf1 Bb7 18. Nc4 Rbd8 19. Bf4 Nh5 20. Bd2 Bc8 21. Ne3 Nd7 22. Bg2
Bb7 23. Qc1 Ne5 24. Ne2 e6 25. dxe6 fxe6 26. Bc3 Rf8 27. f4 Nc6 28. Bxg7 Qxg7
29. c3 Na5 30. Qc2 d5 31. b4 cxb4 32. cxb4 Rc8 33. Qa2 Nc4 34. Ng4 Rfd8 35. Rad1
Nf6 36. Nxf6+ Qxf6 37. e5 Qe7 38. Qb3 a5 39. bxa5 bxa5 40. Nd4 Ba6 41. g4 Rb8
42. Qg3 Qd7 43. f5 gxf5 44. gxf5+ Kh8 45. fxe6 Qa7 46. Kh1 Rg8 47. Qf4 Rbf8 48.
Qh4 Qe7 49. Qxe7 1-0

[Event "European Blitz 2017"]
[Site "Katowice POL"]
[Date "2017.12.15"]
[Round "7.69"]
[White "Molenda, Marcin"]
[Black "Dobrowolski, Piotr"]
[Result "0-1"]
[WhiteTitle "FM"]
[BlackTitle "IM"]
[WhiteElo "2388"]
[BlackElo "2421"]
[WhiteFideId "1173065"]
[BlackFideId "1106236"]
[EventDate "2017.12.15"]
[EventType "blitz"]

1. d4 Nf6 2. c4 e6 3. Nc3 Bb4 4. Nf3 O-O 5. Qc2 c5 6. a3 Bxc3+ 7. Qxc3 cxd4 8.
Nxd4 d5 9. Bg5 e5 10. Nf3 d4 11. Qc2 Bg4 12. Nxe5 Qa5+ 13. Qd2 Qxe5 14. f3 Be6
15. Rc1 Nc6 16. b4 Bd7 17. h4 Rfe8 18. Bf4 Qe6 19. g4 d3 20. e3 Nd4 0-1

[Event "European Blitz 2017"]
[Site "Katowice POL"]
[Date "2017.12.15"]
[Round "7.70"]
[White "Maslak, Alexander"]
[Black "Vykouk, Jan"]
[Result "1-0"]
[BlackTitle "FM"]
[WhiteElo "2154"]
[BlackElo "2435"]
[WhiteFideId "4130871"]
[BlackFideId "349658"]
[EventDate "2017.12.15"]
[EventType "blitz"]

1. e4 c5 2. Nf3 Nc6 3. d4 cxd4 4. Nxd4 Qb6 5. Nb3 Nf6 6. Nc3 e6 7. Be3 Qc7 8. a3
a6 9. f4 d6 10. Bd3 b5 11. Qf3 Bb7 12. O-O Be7 13. Rae1 Rc8 14. Qh3 h5 15. f5 e5
16. Bg5 Nb8 17. Qh4 Nbd7 18. h3 Qd8 19. Nd2 Ng8 20. Nf3 Bxg5 21. Nxg5 Qf6 22.
Qg3 Ne7 23. h4 Nc5 24. Qe3 Qh6 25. Qf2 f6 26. Ne6 Nxe6 27. fxe6 Qh7 28. Qb6 Bc6
29. Qxa6 O-O 30. Qa7 Rfe8 31. Bxb5 Bxb5 32. Nxb5 Rxc2 33. Nxd6 Qg6 34. Rf2 Rxf2
35. Kxf2 Qg4 36. Nxe8 Qxh4+ 37. Ke2 Qxe4+ 38. Qe3 Qxg2+ 39. Kd1 Qd5+ 40. Kc1
Qc6+ 41. Kb1 Qxe8 42. Rg1 Qc6 43. Qh6 Nf5 44. Qxf6 Qe4+ 45. Ka1 Qe3 46. Qf7+ Kh8
47. Qxh5+ Kg8 48. Qf7+ Kh8 49. Rh1+ Nh6 50. e7 1-0

[Event "European Blitz 2017"]
[Site "Katowice POL"]
[Date "2017.12.15"]
[Round "7.71"]
[White "Bugalski, Michal"]
[Black "Gazik, Viktor"]
[Result "0-1"]
[BlackTitle "IM"]
[WhiteElo "2263"]
[BlackElo "2479"]
[WhiteFideId "1122134"]
[BlackFideId "14928752"]
[EventDate "2017.12.15"]
[EventType "blitz"]

1. e4 g6 2. d4 Bg7 3. Be3 c5 4. c3 Nf6 5. f3 O-O 6. dxc5 Na6 7. Nd2 Qc7 8. Nb3
b6 9. cxb6 axb6 10. Qd2 Bb7 11. Qf2 d5 12. Bxb6 Qc6 13. Na5 Qc8 14. Nxb7 Qxb7
15. e5 Nd7 16. Bd4 Nxe5 17. Nh3 Rfb8 18. b4 Nxb4 19. cxb4 Qxb4+ 20. Kd1 Ng4 21.
fxg4 Bxd4 22. Qd2 Bxa1 23. Qxb4 Rxb4 24. Bd3 Rxa2 25. Re1 e5 26. Nf2 Rxf2 0-1

[Event "European Blitz 2017"]
[Site "Katowice POL"]
[Date "2017.12.15"]
[Round "7.72"]
[White "Krzyzanowski, Marcin"]
[Black "Nestorenko, Dmitry"]
[Result "0-1"]
[WhiteTitle "IM"]
[WhiteElo "2457"]
[BlackElo "2253"]
[WhiteFideId "1132199"]
[BlackFideId "14129728"]
[EventDate "2017.12.15"]
[EventType "blitz"]

1. d4 f5 2. e4 fxe4 3. Nc3 Nf6 4. Bg5 d6 5. Bxf6 exf6 6. Nxe4 f5 7. Nc3 g6 8.
Bc4 c6 9. d5 Bg7 10. Nge2 c5 11. Bb5+ Bd7 12. O-O O-O 13. Bxd7 Nxd7 14. Nf4 Qf6
15. Nb5 Rfc8 16. Ne6 Bf8 17. Re1 a6 18. Nbc7 Rab8 19. Nxf8 Nxf8 20. Ne6 Re8 21.
Nxf8 Kxf8 22. c3 Rxe1+ 23. Qxe1 Re8 24. Qd2 Kg7 25. Re1 Re5 26. f4 Re7 27. Re3
Qf7 28. Kf2 Rxe3 29. Kxe3 Qe7+ 30. Kf2 Qe4 31. h3 Kf6 32. b3 b5 33. g4 fxg4 34.
hxg4 h5 35. Kg3 hxg4 36. Kxg4 Qf5+ 37. Kg3 Qb1 38. Qe3 Qf5 39. c4 bxc4 40. bxc4
g5 41. Qc3+ Kg6 42. fxg5 Qxg5+ 43. Kf3 Qf5+ 44. Ke2 Qe4+ 45. Kd2 Kf5 46. Kc1
Qf4+ 47. Kc2 Qf2+ 48. Kb3 Ke4 49. Ka4 Qxa2+ 50. Qa3 Qxc4+ 51. Ka5 Qb5# 0-1

[Event "European Blitz 2017"]
[Site "Katowice POL"]
[Date "2017.12.15"]
[Round "7.73"]
[White "Smolka, Marcin"]
[Black "Amores Gago, Javier"]
[Result "1/2-1/2"]
[WhiteElo "2178"]
[BlackElo "2139"]
[WhiteFideId "1139681"]
[BlackFideId "32004192"]
[EventDate "2017.12.15"]
[EventType "blitz"]

1. e4 d5 2. Nc3 dxe4 3. Nxe4 Nf6 4. Ng3 h5 5. h4 e5 6. Bc4 Nc6 7. d3 Bc5 8. Bg5
Bg4 9. Qd2 Qd7 10. N1e2 O-O-O 11. O-O-O Kb8 12. Nc3 a6 13. Rde1 Rhe8 14. Bxf6
gxf6 15. Nd5 Be7 16. Ne4 Rf8 17. Ndxf6 Qd4 18. Nxg4 hxg4 19. Qc3 Qb6 20. Qb3 f5
21. Qxb6 cxb6 22. Nc3 Bc5 23. Rhf1 b5 24. Be6 Rde8 25. Bd7 Re7 26. Bxc6 bxc6 27.
g3 Kc7 28. a3 a5 29. Ne2 Rfe8 30. Kd2 b4 31. axb4 Bxb4+ 32. c3 Bc5 33. Nc1 a4
34. Re2 Rb8 35. Kc2 a3 36. bxa3 Bxa3 37. Nb3 Bd6 38. Rfe1 Rf8 39. Nd2 Ra8 40.
Rb1 Ra2+ 41. Rb2 Ra8 42. Nc4 Rae8 43. Nxd6 Kxd6 44. Re1 Ke6 45. Rb6 Kd6 46. Reb1
e4 47. dxe4 Rxe4 48. Rd1+ Kc5 49. Rb7 Ra8 50. Rf7 Ra2+ 51. Kb3 Rxf2 52. h5 Ree2
53. Rb1 Re3 54. h6 Rff3 55. Rc1 Re6 56. h7 Rh6 57. Re1 Rxg3 58. Rxf5+ Kb6 59.
Rf7 Rgh3 60. Ree7 Kc5 61. Rg7 g3 62. Re8 Rxh7 63. Rg5+ Kb6 64. Reg8 Rb7 65. Rxg3
Kc5+ 66. Kc2 Rh2+ 67. Kd3 Rd7+ 68. Ke4 Re2+ 69. Kf3 Rc2 70. Ke4 Re7+ 71. Kf5
Rf2+ 72. Kg6 Re6+ 73. Kg5 Re5+ 74. Kg6 Re6+ 75. Kg5 1/2-1/2

[Event "European Blitz 2017"]
[Site "Katowice POL"]
[Date "2017.12.15"]
[Round "7.74"]
[White "Choina, Michal"]
[Black "Horton, Andrew P"]
[Result "0-1"]
[BlackTitle "FM"]
[WhiteElo "1906"]
[BlackElo "2397"]
[WhiteFideId "1166565"]
[BlackFideId "424269"]
[EventDate "2017.12.15"]
[EventType "blitz"]

1. e4 e5 2. Nf3 Nc6 3. d4 exd4 4. Bc4 Bc5 5. c3 Nf6 6. cxd4 Bb4+ 7. Bd2 Bxd2+ 8.
Nbxd2 d5 9. exd5 Nxd5 10. O-O O-O 11. Bxd5 Qxd5 12. Qb3 Rd8 13. Rac1 Qxb3 14.
Nxb3 Be6 15. Nc5 Bd5 16. Rc3 Bxf3 17. Rxf3 Nxd4 18. Re3 b6 19. Ne4 c5 20. Nc3
Re8 21. Rfe1 Rxe3 22. fxe3 Nc6 23. Rd1 Rd8 24. Rxd8+ Nxd8 25. Nb5 Nc6 26. Kf2
Kf8 27. a3 Ke7 28. Kf3 Ke6 29. Ke4 f5+ 30. Kd3 Ke5 31. Nc3 g5 32. Ne2 h5 33. g3
b5 34. Nc3 a6 35. a4 c4+ 36. Ke2 b4 37. Na2 a5 38. Nc1 Nb8 39. b3 c3 40. Nd3+
Kd5 41. Ne1 Nc6 42. Nf3 g4 43. Nh4 Ke4 44. Ng6 Ne5 45. Nf8 Nd3 46. Nd7 Nc1+ 47.
Kd1 Nxb3 48. Kc2 Na1+ 49. Kb1 Kd3 50. Nc5+ Kc4 51. Nb7 Nb3 52. Kc2 Nc5 53. Nd8
b3+ 54. Kc1 c2 0-1